000 00745nam a22002537a 4500
001 BR8900758
003 BR-BrBNA
005 20230928093144.0
007 ta
008 230509b bl.||||| |||| 00| 0 por d
040 _aBR-BrBNA
_bpor
_cBiblioteca Nacional de Agricultura
041 _a(Por)
072 _aC30
090 _ C30 BR8900758
100 1 _aPereira, R.N.
110 1 _aSistema Nacional de Informacao Rural, Brasilia, DF (Brasil)
_99577
245 1 _aRelatorio de viagem de estudos (Buenos Aires - Argentina. 14/10-07/11/77)
_bDOC/TEC/78/003
260 3 _aBrasilia, DF (Brasil):
_c1978.
300 _a17 p.
650 _aSISTEMA DE INFORMACAO
650 _aARGENTINA
909 _a202309
_bLucia
_c55
_dLucia Elande
942 _cBK
999 _c43317
_d43317